000 00623nam a2200229 a 4500
001 74594
003 BD-RjUL
005 20211209082557.0
008 181030s1978 u a|||| bi|| 001 0 eng d
020 _a0600303594
_c: Tk.1740.00
020 _a9780600303596
035 _a(BD-RjUL)
040 _aBD-RjUL
_beng
_cBD-RjUL
041 _aeng
082 _223
_a739.7
_bWIA 1978
100 1 _aWilkinson, Frederick
_9224506
245 1 0 _aArms and armour /
_cFrederick Wilkinson
260 _aLondon :
_b Hamlyn,
_c1978.
300 _a156 p. :
_bill. ;
_c30 cm.
504 _aIncludes Bibliography and Index
942 _2ddc
_cBK
999 _c74594
_d74594